Effects of clearing in a tropical rain forest on the composition of the coprophagous scarab beetle fauna (<Coleoptera>) (Registro nro. 10741)
[ vista simple ]
| 000 -CABECERA | |
|---|---|
| Campo de control | 006410000a22001930004500 |
| 090 ## - CLASIFICACIÓN LOCAL | |
| Colección | AR |
| Consecutivo | 01661 |
| 041 0# - IDIOMA | |
| Código de idioma para texto/pista de sonido o título separado | |
| 100 1# - ASIENTO PRINCIPAL--NOMBRE PERSONAL | |
| Nombre personal | Howden, H. F. |
| 245 10 - MENCION DE TITULO | |
| Título | Effects of clearing in a tropical rain forest on the composition of the coprophagous scarab beetle fauna (<Coleoptera>) |
| 500 ## - NOTA GENERAL | |
| Nota general | <Literatura de escarabajos coprófagos> |
| 650 14 - ASIENTO SECUNDARIO DE MATERIA - TERMINO TEMATICO | |
| Término temático o nombre geográfico como elemento de entrada | Escarabajos |
| 650 14 - ASIENTO SECUNDARIO DE MATERIA - TERMINO TEMATICO | |
| Término temático o nombre geográfico como elemento de entrada | Suelos |
| 650 14 - ASIENTO SECUNDARIO DE MATERIA - TERMINO TEMATICO | |
| Término temático o nombre geográfico como elemento de entrada | Degradación del hábitat |
| 650 14 - ASIENTO SECUNDARIO DE MATERIA - TERMINO TEMATICO | |
| Término temático o nombre geográfico como elemento de entrada | Ecología |
| 651 #4 - ASIENTO SECUNDARIO DE MATERIA - NOMBRE GEOGRAFICO | |
| -- | Leticia |
| -- | Amazonas |
| -- | Colombia |
| 700 1# - ASIENTO SECUNDARIO - NOMBRE PERSONAL | |
| Nombre personal | Nealis, V. G. |
| 773 1# - Item fuente: | |
| Título | Biotropica |
| Especificación de materiales | 9 |
| Descripción física | 2 |
| Paginas del Articulo | 77-83 |
| Lugar, editorial y fecha de publicación | 1975 |
| Información sobre la relación | 7 |
| 942 ## - ELEMENTOS ADICIONALES (KOHA) | |
| Tipo de ítem | Artículo |
| Withdrawn status | Lost status | Damaged status | No para préstamo | Colección | Ubicación Permanente | Ubicación actual | Fecha de adquisición | Fuente de Valor | Datos de publicación Seriada | Total Checkouts | Número topográfico | Inventario / Código de Barras | Date last seen | Ejemplar | Price effective from | Forma de adquisición | Tipo de material |
|---|---|---|---|---|---|---|---|---|---|---|---|---|---|---|---|---|---|
| No para Préstamo | Hemeroteca | Bogotá | Bogotá | 15/11/2006 | Muñoz Saba, Yaneth | Fuera de circulación | AR 01661 | 012025 | 25/03/2015 | 1 | 25/03/2015 | Artículo | |||||
| No para Préstamo | Hemeroteca | Bogotá | Bogotá | 15/11/2006 | Trujillo, Diego | Fuera de circulación | AR 01661 | 023694 | 25/03/2015 | 2 | 25/03/2015 | Artículo | |||||
| No para Préstamo | Hemeroteca | Bogotá | Bogotá | 27/02/2015 | Trujillo, Diego | Fuera de circulación | AR 01661 | 023695 | 25/03/2015 | 3 | 25/03/2015 | Artículo |